00489nam a2200133Ia 4500008004100000020001800041100001800059245007600077250001100153260003200164300001800196999001900214952012200233180205s9999 xx 000 0 und d a9781138692084 aCarnie, Fiona aAlternative approaches to education :ba guide fro teachers and parents a2nd ed aNew york :bRoutledgec2017 aix, 256 pages c354912d354912 001040aCLbCLcRESd2018-02-05eLibrary Fundl0oLC 46.8.G7 .C289 2017pc21139r2018-05-15 00:00:00w2018-02-05yBK